[Event "Rochefort op 3rd"]
[Site "Rochefort"]
[Date "2004.04.24"]
[Round "5"]
[White "Gestin, Laurent"]
[Black "Millet, Christophe"]
[Result "1/2-1/2"]
[WhiteElo "2117"]
[BlackElo "1928"]
[PlyCount "30"]
[EventDate "2004.02.21"]
[EventType "swiss"]
[EventRounds "7"]
[EventCountry "FRA"]
[SourceTitle "EXT 2005"]
[Source "ChessBase"]
[SourceDate "2004.11.15"]
[SourceVersion "1"]
[SourceVersionDate "2004.11.15"]
[SourceQuality "1"]

1. d4 Nf6 2. c4 c5 3. d5 d6 4. Nc3 g6 5. e4 Bg7 6. Nf3 0-0 7. Be2 Ne8 8. Qc2 f5 9. Bd3 fxe4 10. Nxe4 e6 11. Bg5 Nf6 12. Nc3 exd5 13. Nxd5 Qe8+ 14. Ne3 Nc6 15. 0-0-0 Nb4 1/2-1/2

[Event "Rochefort op 3rd"]
[Site "Rochefort"]
[Date "2004.02.22"]
[Round "3"]
[White "Gestin, Laurent"]
[Black "Prie, Eric"]
[Result "0-1"]
[WhiteElo "2117"]
[BlackElo "2429"]
[PlyCount "92"]
[EventDate "2004.02.21"]
[EventType "swiss"]
[EventRounds "7"]
[EventCountry "FRA"]
[SourceTitle "EXT 2005"]
[Source "ChessBase"]
[SourceDate "2004.11.15"]
[SourceVersion "1"]
[SourceVersionDate "2004.11.15"]
[SourceQuality "1"]

1. d4 d5 2. c4 c6 3. Nf3 Nf6 4. Nc3 a6 5. cxd5 cxd5 6. Bf4 Nc6 7. Rc1 Bf5 8. e3 Rc8 9. Bd3 Bxd3 10. Qxd3 e6 11. 0-0 Be7 12. h3 0-0 13. Ne5 Nxe5 14. Bxe5 Nd7 15. Bh2 Qa5 16. Rc2 Rc6 17. a3 Rfc8 18. Rfc1 Nb6 19. Bg3 Nc4 20. Nb1 Nxb2 21. Rxc6 Rxc6 22. Qf1 Qb5 23. Rxc6 Qxf1+ 24. Kxf1 bxc6 25. Bc7 Nc4 26. Ke2 Nxa3 27. Nc3 Nb5 28. Ba5 Nxc3+ 29. Bxc3 Kf8 30. Kd2 Ke8 31. Kc2 Kd7 32. Kb3 Kc7 33. Ka4 Kb6 34. Ba5+ Kb7 35. Bc3 f6 36. f3 c5 37. dxc5 Bxc5 38. Bd2 h5 39. g4 hxg4 40. hxg4 f5 41. gxf5 exf5 42. f4 Bb6 43. Kb3 Kc6 44. Kc2 a5 45. Kd3 a4 46. Bc3 g6 0-1